Carlos Capelán (Record no. 869)

MARC details
000 -LEADER
campo de control de longitud fija 00789nam a22001697a 4500
008 - DATOS DE LONGITUD FIJA--INFORMACIÓN GENERAL
campo de control de longitud fija 160224b xxu||||| |||| 00| 0 eng d
020 ## - NÚMERO INTERNACIONAL ESTÁNDAR DEL LIBRO
Número Internacional Estándar del Libro 8290955413
082 ## - NÚMERO DE LA CLASIFICACIÓN DECIMAL DEWEY
Número de clasificación 708
Número de ítem C238j
100 ## - ENTRADA PRINCIPAL--NOMBRE DE PERSONA
Nombre de persona Carlos Capelán; Gavin Jantjes; Henie-Onstad kunstsenter.
9 (RLIN) 4790
245 ## - MENCIÓN DEL TÍTULO
Título Carlos Capelán
Mención de responsabilidad, etc. Carlos Capelán; Gavin Jantjes; Henie-Onstad kunstsenter.
260 ## - PUBLICACIÓN, DISTRIBUCIÓN, ETC.
Lugar de publicación, distribución, etc. Høvikodden
Nombre del editor, distribuidor, etc. Henie-onstad kunstsenter
Fecha de publicación, distribución, etc. 2000
300 ## - DESCRIPCIÓN FÍSICA
Extensión 79 pag
Otras características físicas col; ill.
Dimensiones 24 cm
505 ## - NOTA DE CONTENIDO CON FORMATO
Título Section:i Acknowledgemets
-- Section:p Preparation
-- Section:j Jetlag Mambo
-- Section:t1 Carlos Capelan (English version)
-- Section:t2 Carlos Capelan (Norwegian version)
-- Section:e Exhibition
-- Section:c Curriculum Vitae
600 ## - PUNTO DE ACCESO ADICIONAL DE MATERIA--NOMBRE DE PERSONA
Nombre de persona Carlos Capelán
9 (RLIN) 4613
650 ## - PUNTO DE ACCESO ADICIONAL DE MATERIA--TÉRMINO DE MATERIA
Término de materia o nombre geográfico como elemento de entrada Exhibiciones
Subdivisión general Arte Uruguayo
9 (RLIN) 4791
700 ## - ENTRADA AGREGADA--NOMBRE PERSONAL
Nombre de persona Carlos Capelán
9 (RLIN) 4613
Holdings
Estatus retirado Estado de pérdida Fuente del sistema de clasificación o colocación Estado de daño No para préstamo Biblioteca de origen Biblioteca actual Ubicación en estantería Fecha de adquisición Total de préstamos Signatura topográfica completa Código de barras Visto por última vez Precio de reemplazo Tipo de ítem Koha
    Clasificación Decimal Dewey     Biblioteca LadoV Biblioteca LadoV   24/02/2016   708 C238j 000631 24/02/2016 24/02/2016 Material 01